Riconosci il Pokémon - Quiz n°105 - Statistics

Statistiche generali
  • Questo quiz è stato fatto 6 volte
  • Il punteggio medio è 10 su 10
Statistiche sulle risposte
Indizio Risposta % Corretto
Altezza 2,1 m
100%
Peso 220,0 kg
100%
Tasso di cattura 25 (7.7%)
100%
Sesso 50% ♂, 50% ♀
100%
Tipo Acqua / Volante
100%
Tasso di allevamento Lento
100%
Abilità Nuotovelox; Assorbacqua; Idrovelo
100%
Stadio evoluzione Prima evoluzione
100%
Generazione Seconda
100%
Pokémon Mantine
67%
Nessun quiz corrispondente trovato
Distribuzione punteggi
Percentuale di utenti per punteggio
Percentile per numero di risposta
I tuoi punteggi nel tempo
Non hai fatto questo quiz